Química Orgânica 5 - Compostos Aromáticos - Statistics

Estatísticas Gerais
  • Esse quiz foi jogado 397 vezes
  • A pontuação média é 13 de 18
Estatísticas das Respostas
Questão Bloco Select % Correto
que são aromáticos Sim
93%
que são aromáticos Não
90%
que são aromáticos Sim
84%
que são aromáticos Não
84%
que são aromáticos Não
81%
que são aromáticos Não
79%
que são aromáticos Sim
79%
que são aromáticos Não
77%
que são aromáticos Sim
76%
que são aromáticos Não
76%
que são aromáticos Sim
76%
que são aromáticos Sim
76%
que são aromáticos Não
72%
que são aromáticos Sim
71%
que são aromáticos Não
68%
que são aromáticos Sim
39%
que são aromáticos Sim
37%
que são aromáticos Não
35%
Nenhum quiz correspondente encontrado
Distribuição das Pontuações
Porcentagem de Pessoas com Cada Pontuação
Percentil de Números Respondidos
Sua Pontuação Histórica
Você não jogou esse quiz